[Event "Mittelrhein Verbandsliga West 1920"]
[Site "Mittelrhein"]
[Date "2019.09.29"]
[Round "1.4"]
[White "Jansen, Philipp"]
[Black "Voleske, Peter"]
[Result "1/2-1/2"]
[WhiteElo "1705"]
[BlackElo "1823"]
[PlyCount "44"]
[EventDate "2019.09.29"]
[EventType "team-tourn"]
[EventRounds "9"]
[EventCountry "GER"]
[SourceTitle "EXT 2023"]
[Source "ChessBase"]
[SourceDate "2022.10.05"]
[SourceVersion "1"]
[SourceVersionDate "2022.10.05"]
[SourceQuality "1"]
[WhiteTeam "Kalterherberg"]
[BlackTeam "Aachen SV III"]
[WhiteTeamCountry "GER"]
[BlackTeamCountry "GER"]

1. Nf3 d5 2. d4 c6 3. c4 Nf6 4. Nbd2 e6 5. e3 Bd6 6. b3 0-0 7. Bd3 Nbd7 8. Bb2 b6 9. 0-0 Bb7 10. Ne5 c5 11. Rc1 Rc8 12. f4 cxd4 13. exd4 Ne4 14. Ndf3 f5 15. Bxe4 dxe4 16. Nxd7 Qxd7 17. Ne5 Bxe5 18. dxe5 Rfd8 19. Qxd7 Rxd7 20. Ba3 Rd3 21. Rfd1 Kf7 22. Kf2 Rcd8 1/2-1/2

[Event "Mittelrhein Regionalliga 1718"]
[Site "Nordrheinwestfalen"]
[Date "2017.09.10"]
[Round "1.8"]
[White "Brochhagen, Thomas"]
[Black "Voleske, Peter"]
[Result "1-0"]
[WhiteElo "1921"]
[BlackElo "1891"]
[PlyCount "47"]
[EventDate "2017.09.10"]
[EventType "team-tourn"]
[EventRounds "9"]
[EventCountry "GER"]
[SourceTitle "EXT 2022"]
[Source "ChessBase"]
[SourceDate "2021.10.06"]
[SourceVersion "1"]
[SourceVersionDate "2021.10.06"]
[SourceQuality "1"]
[WhiteTeam "Langenfeld"]
[BlackTeam "Aachen SV II"]
[WhiteTeamCountry "GER"]
[BlackTeamCountry "GER"]

1. d4 d5 2. Nf3 c6 3. e3 Nf6 4. Bd3 e6 5. Nbd2 Nbd7 6. 0-0 Bd6 7. c3 0-0 8. e4 dxe4 9. Nxe4 Nxe4 10. Bxe4 Nf6 11. Bg5 h6 12. Bxf6 Qxf6 13. Qe2 Kh8 14. Rfe1 Bd7 15. Rad1 Rfe8 16. Ne5 Rad8 17. Bc2 g6 18. Rd3 Qg7 19. Rh3 Bxe5 20. dxe5 Bc8 21. Qe3 g5 22. f4 Kg8 23. fxg5 Qxg5 24. Rg3 1-0